=LDR 00000nam 2200000 4500 =001 INLIS000000000007546 =005 20200309065625 =035 ##$$a 0010-061300000007546 =008 200309################g##########0#ind## =041 ##$$a Ind =082 ##$$a 150.195 =090 ##$$a 150.195, Met f =100 1#$$a Milner, Max =245 1#$$a Freud dan interpretasi sastra /$c Max Milner : Penerjemah Apsanti Ds. =260 ##$$a Jakarta :$b Intermasa,$c 1992 =300 ##$$a xiv, 231 hlm, ; $c 15x22 cm. =650 #4$$a Psikoanalisis dan kesusastraan =850 ##$$a NBPNMAT =020 ##$$a 979-8114-84-1 =084 ##$$a 150.195 MIL f =700 #$$a Apsanti Ds =990 ##$$a 88.741/pro.95 =990 ##$$a 01201712602